000 00775nam a2200253Ia 4500
003 OSt
005 20220930201655.0
006 a|||||r|||| 00| 0
007 ta
008 220926b |||||||| |||| 00| 0 hin d
024 _a77513
037 _cDissertations
040 _aCRL
_cCRL
_bhin
041 _2hin
_ahin
100 _aAnubhuti
_9566106
110 _aUniversity of Delhi. Faculty of Arts. Department of Hindi
245 0 _aMatiram satsai aur ram sattsai ka tulnatmak adhyayan
260 _c2002
650 _aHINDI LITERATURE
_923866
700 _a Prof Puran Chand Tandon Gu.
_9565028
700 _aUniversity of Delhi. Faculty of Arts. Department of Hindi
942 _cDIS
_2CC
999 _c902251
_d902251